Piłkarska kariera Rui Costy. - Statystyki

Ogólne statystyki
  • Ten quiz został rozwiązany 23 razy
  • Średni wynik to 3 z 5
Statystyki odpowiedzi
Lata Drużyna % Poprawnych
1990-1994 Benfica
85%
2006-2008 Benfica
85%
2001-2006 Milan
70%
1994-2001 Fiorentina
25%
1990-1991 Fafe
5%
Nie znaleziono quizów pasujących do podanych kryteriów
Rozkład punktacji
Procent ludzi z każdym wynikiem
Percentyl według liczby udzielonych odpowiedzi
Twoja historia wyników
Nie rozwiązałeś tego quizu